Missing Word: Foods Quiz Stats

 Plays Quiz Updated Mar 8, 2016

Challenge
Share
Tweet
Embed
Score 0/24 Timer 02:00
3 Plays Today
Category Missing Word % Correct
ArtistsPeas
99.7%
ArtistsChili
97.8%
MoviesChocolate
95.2%
MoviesPeach
89%
ArtistsPumpkins
87.6%
ArtistsJam
80.9%
MoviesOrange
79.2%
MoviesGrapes
78.8%
MoviesTomatoes
74.5%
ArtistsVanilla
73%
MoviesPie
71.8%
ArtistsBizkit
70.6%
Category Missing Word % Correct
MoviesCorn
68.2%
MoviesPizza
54.2%
ArtistsSugar
53.5%
ArtistsSpice
50.3%
MoviesRaisin
48.8%
MoviesPineapple
44.1%
ArtistsMelon
37.1%
ArtistsBerry
36.8%
ArtistsStrawberry
21%
MoviesBurger
9.7%
ArtistsBurrito
8.5%
MoviesGingerbread
2.6%

Today's Daily Dose

Quick Pick
The Muppets

On This Day
December 19th II

You're not logged in!

Compare scores with friends on all Sporcle quizzes.
OR
Log In

You Might Also Like...

Show Comments

Extras

Top Quizzes Today


Score Distribution

Your Account Isn't Verified!

In order to create a playlist on Sporcle, you need to verify the email address you used during registration. Go to your Sporcle Settings to finish the process.

Report this User

Report this user for behavior that violates our Community Guidelines.

Details: